Doña Ana de Cortabarría : (Record no. 11747)
[ view plain ]
| 000 -CABECERA | |
|---|---|
| campo de control de longitud fija | 00711cam a2200217 a 4500 |
| 001 - NÚMERO DE CONTROL | |
| campo de control | 000012081 |
| 005 - FECHA Y HORA DE LA ÚLTIMA TRANSACCIÓN | |
| campo de control | 20200929162703.0 |
| 008 - DATOS DE LONGITUD FIJA--INFORMACIÓN GENERAL | |
| campo de control de longitud fija | 820810|1981 ||| 001 0 spa |
| 040 ## - FUENTE DE LA CATALOGACIÓN | |
| Centro catalogador/agencia de origen | DO-SdBNP |
| Centro/agencia transcriptor | DLC |
| Centro/agencia modificador | DLC |
| 082 ## - NÚMERO DE LA CLASIFICACIÓN DECIMAL DEWEY | |
| Número de clasificación | 398.2 |
| Número de documento/Ítem | J61d |
| 049 ## - FONDOS LOCALES (OCLC) | |
| Fondos de biblioteca | BNGR |
| 100 1# - ENTRADA PRINCIPAL--NOMBRE DE PERSONA | |
| Nombre de persona | Jiménez, Manuel de Jesús, |
| Fechas asociadas al nombre | 1854-1916. |
| 9 (RLIN) | 28527 |
| 245 10 - MENCIÓN DE TÍTULO | |
| Título | Doña Ana de Cortabarría : |
| Resto del título | y otras noticias de antaño / |
| Mención de responsabilidad, etc. | Manuel de Jesús Jiménez. |
| 260 ## - PUBLICACIÓN, DISTRIBUCIÓN, ETC. | |
| Lugar de publicación, distribución, etc. | San José : |
| Nombre del editor, distribuidor, etc. | Costa Rica, |
| Fecha de publicación, distribución, etc. | 1981. |
| 300 ## - DESCRIPCIÓN FÍSICA | |
| Extensión | 222 p. ; |
| -- | 21 cm. |
| 490 1# - MENCIÓN DE SERIE | |
| Mención de serie | Nuestros clásicos |
| Designación de volumen o secuencia | 19 |
| 650 #4 - PUNTO DE ACCESO ADICIONAL DE MATERIA--TÉRMINO DE MATERIA | |
| Término de materia o nombre geográfico como elemento de entrada | Literatura folclórica |
| 9 (RLIN) | 1529 |
| 650 #4 - PUNTO DE ACCESO ADICIONAL DE MATERIA--TÉRMINO DE MATERIA | |
| Término de materia o nombre geográfico como elemento de entrada | Leyendas |
| Subdivisión general | Costa rica |
| 9 (RLIN) | 28528 |
| 830 #0 - PUNTO DE ACCESO ADICIONAL DE SERIE-TÍTULO UNIFORME | |
| Título uniforme | Nuestros clásicos ; |
| Designación de volumen o secuencia | 19 |
| 9 (RLIN) | 23730 |
| 910 ## - DATOS DE OPCIÓN DEL USUARIO (OCLC) | |
| Datos de opción del usuario | Catalogación por copia / LC |
| Estado de retiro | Estado de pérdida | Restricciones de uso | No para préstamo | Código de colección | Localización permanente | Ubicación/localización actual | Ubicación en estantería | Fecha de adquisición | Número de inventario | Total de préstamos | Signatura topográfica completa | Código de barras | Fecha visto por última vez | Precio válido a partir de | Tipo de ítem Koha |
|---|---|---|---|---|---|---|---|---|---|---|---|---|---|---|---|
| Préstamo interno | Monografías: Libros y Folletos | General | General | En catalogación | 04.11.2009 | LF1 | 398.2 J61d | 12081-10 | 25.06.2020 | 25.06.2020 | Préstamo interno |
